000 01244nas a2200337 4500
001 BR8102929
003 BR-BrBNA
005 20231205084732.0
007 ta
008 230509b bl.|||p| |||| 00| 00por d
040 _aBR-BrBNA
_bpor
_cBiblioteca Nacional de Agricultura
041 _a(Pt)
072 _aH20
100 1 _aAraujo, E.
100 1 _aGuevara, L.A.C.
100 1 _aCabral, J.B.
245 1 _aObservacoes preliminares sobre a epidemiologia das doencas do feijoeiro (Phaseolus vulgaris L.)e cultivares na micro-regiao do Curimatau Paraibano [Mancha angular; Ferrugem; Antracnose; Mosaico; Brasil]
246 1 _aPreliminary observation about bean (Phaseolus vulgaris L.)disease epidemiology and cultivar resistance in the Curimatau physiographic zone of the Paraiba state [Angular spot; Rust; Anthracnosis; Mosaic; Brazil]
650 _aDoenca de planta
650 _aFeijao
650 _aMancha angular
650 _aFerrugem
650 _aAntracnose
650 _aMosaico
650 _aVariedade resistente
650 _aCurimata
650 _aParaiba
773 0 _tAgropecuaria Tecnica (Brazil)
_x
_g(1980), v. 1(1) p. 7-12
_wBR8102929
909 _a202311
_bLúcia
_c55
_dLúcia Elande
942 _2AGRIS
_n0
_cANA
999 _c106960
_d106960